Germany at the Eurovision Song Contest - Statistics

General Stats
  • This quiz has been taken 199 times
    7 since last reset
  • The average score is 32 of 70
Answer Stats
Year Song Artist % Correct
2010 Satellite Lena Meyer-Landrut
100%
2011 Taken by a stranger Lena Meyer-Landrut
100%
2012 Standing still Roman Lob
100%
2026 Fire Sarah Engels
100%
2000 Wadde hadde dudde da? Stefan Raab
100%
2025 Baller Abor & Tynna
75%
2013 Glorious Cascada
75%
1979 Dschinghis Khan Dschinghis Khan
75%
1998 Guildo hat Euch lieb! Guildo Horn
75%
2024 Always on the run Isaak
75%
2016 Ghost Jamie-Lee
75%
2023 Blood & glitter Lord Of The Lost
75%
2022 Rockstars Malik Harris
75%
2004 Can't wait until tonight Max Mutzke
75%
2018 You let me walk alone Michael Schulte
75%
2019 Sister Sisters
75%
2006 No no never Texas Lightning
75%
2009 Miss kiss kiss bang Alex Swings Oscar Sings
50%
2015 Black smoke Ann Sophie
50%
2014 Is it right Elaiza
50%
2005 Run and hide Gracia
50%
2021 I don't feel hate Jendrik
50%
1970 Wunder gibt es immer wieder Katja Ebstein
50%
1971 Diese Welt Katja Ebstein
50%
1980 Theater Katja Ebstein
50%
2017 Perfect life Levina
50%
1972 Nur die Liebe läßt uns leben Mary Roos
50%
1984 Aufrecht geh’n Mary Roos
50%
2001 Wer Liebe lebt Michelle
50%
1982 Ein bißchen Frieden Nicole
50%
2008 Disappear No Angels
50%
2007 Frauen regier’n die Welt Roger Cicero
50%
1985 Für alle Wind
50%
1987 Laß die Sonne in dein Herz Wind
50%
1992 Träume sind für alle da Wind
50%
1959 Heute abend wollen wir tanzen geh’n Alice & Ellen Kessler
25%
1991 Dieser Traum darf niemals sterben Atlantis 2000
25%
1997 Zeit Bianca Shomburg
25%
1990 Frei zu leben Chris Kempers & Daniel Kovac
25%
1974 Die Sommermelodie Cindy & Bert
25%
1962 Zwei kleine Italiener Conny Froboess
25%
2002 I can’t live without music Corinna May
25%
1956 So geht das jede Nacht Freddy Quinn
25%
1973 Junger Tag Gitte
25%
1963 Marcel Heidi Brühl
25%
1983 Rücksicht Hoffmann & Hoffmann
25%
1967 Anouschka Inge Brück
25%
1986 Über die Brücke geh’n Ingrid Peters
25%
1978 Feuer Ireen Sheer
25%
1975 Ein Lied kann eine Brücke sein Joy Fleming
25%
1961 Einmal sehen wir uns wieder Lale Andersen
25%
1981 Johnny Blue Lena Valaitis
25%
1976 Sing sang song Les Humphries Singers
25%
2003 Let's get happy Lou
25%
1966 Die Zeiger der Uhr Margot Eskens
25%
1957 Telefon, Telefon Margot Hielscher
25%
1958 Für zwei Groschen Musik Margot Hielscher
25%
1988 Lied für einen Freund Maxi & Chris Garden
25%
1994 Wir geben ’ne Party Mekado
25%
1993 Viel zu weit Münchener Freiheit
25%
1989 Flieger Nino de Angelo
25%
1964 Man gewöhnt sich so schnell an das Schöne Nora Nova
25%
1977 Telegram Silver Convention
25%
1969 Primaballerina Siw Malmkvist
25%
1995 Verliebt in Dich Stone & Stone
25%
1999 Reise nach Jerusalem – Kudüs’e seyahat Sürpriz
25%
1965 Paradies, wo bist du? Ulla Wiesner
25%
1956 Im Wartesaal zum großen Glück Walter Andreas Schwarz
25%
1968 Ein Hoch der Liebe Wencke Myhre
25%
1960 Bonne nuit, ma chérie Wyn Hoop
25%
No matching quizzes found
Score Distribution
Percent of People with Each Score
Percentile by Number Answered
Your Score History
You have not taken this quiz since the last reset